000
00197 a2200097 4500
001
43143
100
_a
Burtan
245
_a
Tenny
260
_a
London
_b
Oxford univ press
_c
090
_c
26989
_d
26989
942
_a
NUST-CAE
_c
M
_c
18878
999
_c
278216
_d
278216